000 01019nam0a22002531 4500
001 rc\2777134
005 20250806204952.0
035 _a(NLR Aleph) 006903414
090 _a30736
_c30736
100 _a20110915d1941 u y0rusy50 ca
101 0 _arus
102 _aRU
105 _aa z |||||
200 1 _aВлияние рационального кормления на развитие табунных жеребят
_eМетодика для хат-лабораторий
_fСост. науч. работник К. В. Новожилов
_gРост. обл. опыт. станция по животноводству
210 _a[Ростов-на-Дону]
_cРостведиздат
_d1941
215 _a12 с., без обл.
_cтабл.
_d18 см.
700 1 _aНовожилов
_bК.В.
801 0 _aRU
_bNLR
_gpsbo
801 1 _aRU
_bELAR
_2rusmarc
852 _aNLR
_jС90 Г-2/61
942 _cBOOK
945 _aРоссийская национальная библиотека
980 _aNB
980 _aBV